00529nam a2200181Ia 4500003000400000005001700004008004100021020002900062040001700091082001700108100001700125245009100142250001100233260002500244300001500269650003100284650003200315IIN20260105110234.0250428s9999 xx 000 0 und d cRs.350.00a9789394525030 aIINbEnglish a610.73 bSOO1 aSood, Babita1 aCBS Handbookbon Clinical Examination & History Taking a Nursing ApproachcBabita Sood a2nd ed bCBSaNew Delhic2023 alv, 504 p. aMedical Surgical vNursing aNursingvStudy and Teaching